Υδραυλική περιβάλλοντος
Αποθηκεύτηκε σε:
| Κύριος συγγραφέας: | |
|---|---|
| Συγγραφή απο Οργανισμό/Αρχή: | |
| Μορφή: | Βιβλίο |
| Γλώσσα: | Greek |
| Δημοσίευση: |
Θεσσαλονίκη :
Αριστοτέλειο Πανεπιστήμιο Θεσσαλονίκης,
1984
|
| Θέματα: | |
| Ετικέτες: |
Προσθήκη ετικέτας
Δεν υπάρχουν, Καταχωρήστε ετικέτα πρώτοι!
|
MARC
| LEADER | 00000nam a2200000 i 4500 | ||
|---|---|---|---|
| 001 | 1/72595 | ||
| 008 | 080125s1984 gre d | ||
| 035 | |l 10094167 | ||
| 040 | |a GR-MY-UA |b gre |e aacr | ||
| 041 | 0 | |a gre | |
| 082 | 0 | |a 628 |2 (22) | |
| 100 | 1 | |a Γκανούλης, Ιάκωβος Γ. | |
| 245 | 1 | 0 | |a Υδραυλική περιβάλλοντος / |c Ιακώβου Γ. Γκανούλη |
| 260 | |a Θεσσαλονίκη : |b Αριστοτέλειο Πανεπιστήμιο Θεσσαλονίκης, |c 1984 | ||
| 300 | |a 221 σ.; |b εικ., σχέδια; |c 24 εκ. | ||
| 504 | |a Βιβλιογραφία: σ. 219-221 | ||
| 650 | 0 | 0 | |a Environmental hydraulics. |
| 710 | 2 | |a Αριστοτέλειο Πανεπιστήμιο Θεσσαλονίκης |b Τμήμα Πολιτικών Μηχανικών. | |
| 852 | |a INST |b LESVOS |e 20080125 |h 628 ΓΚΑ |p 005100040196 |q 005100040196 |t BK |y 0 | ||
| 901 | |a BIBL1-2008-1 | ||
| 909 | |a Λ |b 142125 | ||
| 922 | |a 1ΕΛΗ |b 200711 |c ΕΠΕΑΕΚ2/ΤΠ |d Σ. ΠΑΤΑΚΗΣ | ||
| 970 | |a ΚΑΡΑ |b ΓΙΑΣΕΜΗ |z 2008/01/25 | ||